TB. OF REHABILITATION (Record no. 1405)

MARC details
000 -LEADER
fixed length control field 00336nam a2200145Ia 4500
008 - FIXED-LENGTH DATA ELEMENTS--GENERAL INFORMATION
fixed length control field 150201s2010 xx 000 0 und d
082 ## - DEWEY DECIMAL CLASSIFICATION NUMBER
Classification number 615.8
Item number R10S
100 ## - MAIN ENTRY--PERSONAL NAME
Personal name SUNDRER, S.
245 ## - TITLE STATEMENT
Title TB. OF REHABILITATION
250 ## - EDITION STATEMENT
Edition statement 3RD
260 ## - PUBLICATION, DISTRIBUTION, ETC. (IMPRINT)
Name of publisher, distributor, etc. JAYPEE
Place of publication, distribution, etc. DELHI
Date of publication, distribution, etc. 2010
300 ## - PHYSICAL DESCRIPTION
Extent 1-540
650 ## - SUBJECT ADDED ENTRY--TOPICAL TERM
Topical term or geographic name as entry element PHYSIOTHERAPY
942 ## - ADDED ENTRY ELEMENTS (KOHA)
Source of classification or shelving scheme Dewey Decimal Classification
Koha item type Books
Koha issues (borrowed), all copies 81
Holdings
Withdrawn status Lost status Source of classification or shelving scheme Damaged status Not for loan Collection code Home library Current library Shelving location Date acquired Source of acquisition Cost, normal purchase price SGTU Bill Number Total Checkouts Full call number Barcode Date last seen Date last checked out Bill Date Koha item type
    Dewey Decimal Classification     MEDICAL SGT Medical Library SGT Medical Library Text Book 26/11/2012 ABC DELHI 395.00 SGTU 2954 35 615.8 R10S FM5096 09/06/2025 24/05/2025 26/12/2012 Books
    Dewey Decimal Classification     MEDICAL SGT Medical Library SGT Medical Library Text Book 26/11/2012 ABC DELHI 395.00 SGTU 2954 24 615.8 R10S FM5097 05/11/2024 21/10/2024 26/12/2012 Books
    Dewey Decimal Classification     MEDICAL SGT Medical Library SGT Medical Library Text Book 26/11/2012 ABC DELHI 395.00 SGTU 2954 30 615.8 R10S FM5098 14/06/2024 30/05/2024 26/12/2012 Books
    Dewey Decimal Classification     MEDICAL SGT Medical Library SGT Medical Library Text Book 26/11/2012 ABC DELHI 395.00 SGTU 2954   615.8 R10S FM5099 09/02/2015   26/12/2012 Books
    Dewey Decimal Classification     MEDICAL SGT Medical Library SGT Medical Library Text Book 26/11/2012 ABC DELHI 395.00 SGTU 2954 42 615.8 R10S FM5100 24/06/2025 04/06/2025 26/12/2012 Books